000 00573nam a2200217Ia 4500
003 OSt
005 20220928135552.0
006 a|||||r|||| 00| 0
007 ta
008 220927b |||||||| |||| 00| 0 eng d
024 _a3286
037 _cTextual
040 _aSDCL
_cSDCL
_beng
041 _2eng
_aeng
082 _aO-,1L95:g, M8
100 _aLevinson Marjorie
_9491669
245 0 _aKeats's life of allegory
_b The origins of a style
260 _c1988
942 _hO-,1L95:g, M8
_cTEXL
_2CC
999 _c807074
_d807074